Public personnel management in Australia: a report of a talk given on the 4th November,1955 (Record no. 500766)

000 -LEADER
fixed length control field 00438cam a22001217a 4500
008 - FIXED-LENGTH DATA ELEMENTS--GENERAL INFORMATION
fixed length control field 180718b1955 xxu||||| |||| 00| 0 eng d
082 ## - DEWEY DECIMAL CLASSIFICATION NUMBER
Classification number K100x94 W932
100 ## - MAIN ENTRY--PERSONAL NAME
Personal name Wright, H. J.
245 ## - TITLE STATEMENT
Title Public personnel management in Australia: a report of a talk given on the 4th November,1955
Statement of responsibility, etc. by H. J. Wright
260 ## - PUBLICATION, DISTRIBUTION, ETC.
Place of publication, distribution, etc. New Delhi
Name of publisher, distributor, etc. Indian Institute of Public Administration
Date of publication, distribution, etc. 1955
300 ## - PHYSICAL DESCRIPTION
Extent 15p.
650 ## - SUBJECT ADDED ENTRY--TOPICAL TERM
Topical term or geographic name entry element Personnel management --Australia
Holdings
Withdrawn status Lost status Damaged status Not for loan Permanent Location Current Location Date acquired Full call number Barcode Date last seen Price effective from Koha item type
        Indian Institute of Public Administration Indian Institute of Public Administration 2018-08-04 K100x94 W932 GR4768 2018-08-04 2018-08-04 GR
        Indian Institute of Public Administration Indian Institute of Public Administration 2018-08-04 K100x94 W932 GR4534 2018-08-04 2018-08-04 GR
        Indian Institute of Public Administration Indian Institute of Public Administration 2018-08-04 K100x94 W932 GR4533 2018-08-04 2018-08-04 GR

Powered by Koha